Marvel Alter Egos (Ultra Hard) - Statistics

General Stats
  • This quiz has been taken 460 times
  • The average score is 3 of 12
Answer Stats
Hint Answer % Correct
Brock Rumlow Crossbones
63%
Jean-Paul Beaubier Northstar
48%
Tyrone Johnson Cloak
41%
Theresa Cassidy Siryn
36%
William Kaplan Wiccan
33%
Fred Myers Boomerang
20%
Paul Pierre Duval Grey Gargoyle
17%
Luther Manning Deathlok
15%
Lily Hollister Menace
13%
Todd Arliss Tiger Shark
13%
Samantha Parrington Valkyrie
10%
Lester Verde Doctor Bong
9%
No matching quizzes found
Score Distribution
Percent of People with Each Score
Percentile by Number Answered
Your Score History
You have not taken this quiz